[Event "Rubinstein Memorial-A 54th"]
[Site "Polanica Zdroj"]
[Date "2018.08.18"]
[Round "1"]
[White "Kozak, Antoni"]
[Black "Witwicki, Pawel"]
[Result "1-0"]
[WhiteElo "2157"]
[BlackElo "1854"]
[PlyCount "61"]
[EventDate "2018.08.18"]
[EventType "swiss"]
[EventRounds "9"]
[EventCountry "POL"]
[SourceTitle "CBM 186 Extra"]
[Source "ChessBase"]
[SourceDate "2018.08.24"]
[SourceVersion "1"]
[SourceVersionDate "2018.08.24"]
[SourceQuality "1"]

1. d4 d6 2. Nf3 f5 3. Nc3 Nf6 4. Bg5 e6 5. e4 fxe4 6. Nxe4 Be7 7. Bxf6 Bxf6 8. Bd3 Nc6 9. c3 Qe7 10. 0-0 Bd7 11. Re1 0-0-0 12. b4 g5 13. a4 g4 14. Nfd2 h5 15. a5 Nxb4 16. cxb4 Bxd4 17. Rc1 Kb8 18. Qe2 Rdf8 19. Nb3 Bg7 20. a6 b6 21. Bb5 Bc8 22. Na5 Qf7 23. Nc6+ Ka8 24. Ng5 Qf5 25. Nxe6 Bxe6 26. Qxe6 Qxb5 27. Qe7 Bb2 28. Qxc7 Qxa6 29. Re7 Bxc1 30. Qxa7+ Qxa7 31. Rxa7# 1-0

[Event "POL-chT3 Wielkopolskie 1516"]
[Site "Poland"]
[Date "2016.01.10"]
[Round "1.13"]
[White "Witwicki, Pawel"]
[Black "Ziabek, Patryk"]
[Result "0-1"]
[WhiteElo "1860"]
[BlackElo "2063"]
[PlyCount "102"]
[EventDate "2016.01.10"]
[EventType "team-tourn"]
[EventRounds "11"]
[EventCountry "POL"]
[SourceTitle "EXT 2019"]
[Source "ChessBase"]
[SourceDate "2018.10.10"]
[SourceVersion "1"]
[SourceVersionDate "2018.10.10"]
[SourceQuality "1"]

1. Nf3 Nf6 2. g3 g6 3. b3 Bg7 4. Bb2 d5 5. Bg2 0-0 6. 0-0 Re8 7. c4 c6 8. d3 a5 9. Nbd2 Na6 10. Rc1 Bg4 11. h3 Bxf3 12. Nxf3 Qd6 13. Be5 Qa3 14. Rc2 a4 15. Qd2 Nd7 16. Bxg7 Kxg7 17. cxd5 cxd5 18. bxa4 Qxa4 19. Rb1 Rab8 20. h4 b6 21. h5 Rec8 22. h6+ Kg8 23. Rcb2 Qa3 24. Qg5 Qd6 25. Nd4 e6 26. Nb5 Qf8 27. Bh3 Nac5 28. f3 Na4 29. Rb4 Nc3 30. R1b2 Nxe2+ 31. Kf2 Nc3 32. Nd4 Nd1+ 33. Kg2 Nxb2 34. Rxb2 Re8 35. Rc2 Rbc8 36. Nc6 f6 37. Qe3 Ne5 38. Qxb6 Rxc6 39. Rxc6 Nxc6 40. Qxc6 f5 41. a4 Qe7 42. f4 Rd8 43. d4 Qd7 44. Qb6 Kf7 45. Kf2 Rc8 46. Bf1 Qc7 47. Qb4 Qc2+ 48. Kg1 Qc3 49. Qb6 Qxg3+ 50. Kh1 Qxf4 51. Ba6 Rc1+ 0-1

[Event "POL-chT3 Wielkopolskie 1415"]
[Site "Poland"]
[Date "2015.02.01"]
[Round "6.26"]
[White "Nowak, Rafal"]
[Black "Witwicki, Pawel"]
[Result "1/2-1/2"]
[WhiteElo "2022"]
[BlackElo "1923"]
[PlyCount "90"]
[EventDate "2014.11.30"]
[EventType "team-tourn"]
[EventRounds "11"]
[EventCountry "POL"]
[SourceTitle "EXT 2019"]
[Source "ChessBase"]
[SourceDate "2018.10.10"]
[SourceVersion "1"]
[SourceVersionDate "2018.10.10"]
[SourceQuality "1"]

1. e4 d6 2. d4 Nf6 3. Nc3 e5 4. Nf3 Nbd7 5. Bc4 Be7 6. h3 0-0 7. 0-0 c6 8. a4 a5 9. Be3 Qc7 10. Qe2 h6 11. Bb3 b6 12. d5 cxd5 13. Bxd5 Ba6 14. Nb5 Nxd5 15. Nxc7 Bxe2 16. Nxd5 Bd8 17. Rfe1 Bc4 18. Rad1 Rc8 19. b3 Bxd5 20. Rxd5 Be7 21. c4 Rc6 22. Nd2 Bg5 23. Bxg5 hxg5 24. Re3 Nc5 25. Nb1 Rd8 26. Na3 Kf8 27. Nb5 Ke7 28. g3 Rh8 29. Kg2 Rh6 30. Rd1 Ke6 31. Rf1 Ke7 32. Nc3 Ne6 33. Nd5+ Kd7 34. Rc3 Nc7 35. Ne3 Ne6 36. Nf5 Rh7 37. f3 g6 38. Ne3 Nd4 39. Nd5 Ke6 40. Rb1 f5 41. b4 axb4 42. Nxb4 Rc8 43. Nd5 Rch8 44. Rh1 Rb8 45. Rb1 Rbh8 1/2-1/2

[Event "POL-chT 3rd League Wielkopolska 12/13"]
[Site "Poznan"]
[Date "2012.11.25"]
[Round "1.33"]
[White "Witwicki, Pawel"]
[Black "Kowalczuk, Mikolaj"]
[Result "1-0"]
[WhiteElo "1972"]
[BlackElo "1909"]
[PlyCount "76"]
[EventDate "2012.11.25"]
[EventType "team-tourn"]
[EventRounds "11"]
[EventCountry "POL"]
[SourceTitle "EXT 2014"]
[Source "ChessBase"]
[SourceDate "2013.11.20"]
[SourceVersion "1"]
[SourceVersionDate "2013.11.20"]
[SourceQuality "1"]
[WhiteTeam "Jarocin JKSW"]
[BlackTeam "Rawicz Korona Rawbud"]
[WhiteTeamCountry "POL"]
[BlackTeamCountry "POL"]

1. e4 c5 2. Nf3 d6 3. d4 cxd4 4. Nxd4 Nf6 5. f3 a6 6. c4 e6 7. Nc3 Be7 8. Be2 Nbd7 9. Be3 Qc7 10. Qd2 b6 11. 0-0 Bb7 12. Rac1 Rc8 13. Rfd1 0-0 14. Qe1 Qb8 15. Qg3 Bd8 16. Qh3 Re8 17. g4 Ne5 18. b3 Bc7 19. g5 Nfd7 20. f4 Nc6 21. Nc2 Nf8 22. Bd3 Rcd8 23. Rf1 Bc8 24. Qh5 Na7 25. Bd4 b5 26. Bf6 Rd7 27. Rf3 bxc4 28. bxc4 Nc6 29. Rh3 e5 30. Rb1 Qa7+ 31. Kg2 Nd4 32. Ne3 exf4 33. Ng4 f3+ 34. Kf1 Ne2 35. Nxe2 fxe2+ 36. Kxe2 Bd8 37. e5 Bxf6 38. gxf6 Rxe5+ 1-0

[Event "Polanica Zdroj op-B 48th"]
[Site "Polanica Zdroj"]
[Date "2012.08.26"]
[Round "9"]
[White "Orzechowski, Jacek"]
[Black "Witwicki, Pawel"]
[Result "1-0"]
[WhiteElo "2225"]
[BlackElo "1915"]
[PlyCount "101"]
[EventDate "2012.08.18"]
[EventType "swiss"]
[EventRounds "9"]
[EventCountry "POL"]
[SourceTitle "EXT 2014"]
[Source "ChessBase"]
[SourceDate "2013.11.20"]
[SourceVersion "1"]
[SourceVersionDate "2013.11.20"]
[SourceQuality "1"]

1. c4 Nf6 2. g3 g6 3. Bg2 Bg7 4. Nc3 0-0 5. Nf3 d5 6. cxd5 Nxd5 7. 0-0 Nxc3 8. bxc3 c5 9. Rb1 Qa5 10. Qb3 Nc6 11. Bb2 Rb8 12. c4 Nd4 13. Nxd4 cxd4 14. d3 Qh5 15. Ba3 Bf6 16. Qc2 Bh3 17. Rb5 Qg4 18. Bf3 Qe6 19. Rfb1 b6 20. Qa4 Qd7 21. Qb3 Be6 22. Bc1 Rbc8 23. Bd2 Bg4 24. a4 Bxf3 25. exf3 e6 26. a5 Bd8 27. axb6 axb6 28. Bf4 Kg7 29. Qb2 f6 30. h4 Rf7 31. Qe2 Qc6 32. Re1 Re7 33. Bc1 Bc7 34. Bb2 Rd8 35. Ba3 Bd6 36. Bxd6 Rxd6 37. Reb1 Qc7 38. Qb2 Qb7 39. Kg2 Qc7 40. Qb4 Kf7 41. Qd2 Kg7 42. Qb4 Kf7 43. Rxb6 Rxb6 44. Qxb6 Qxb6 45. Rxb6 Rc7 46. Rd6 e5 47. f4 Ke7 48. Rd5 Ke6 49. Kf3 Ra7 50. fxe5 fxe5 51. Ke4 1-0

[Event "Polanica Zdroj op-B 48th"]
[Site "Polanica Zdroj"]
[Date "2012.08.23"]
[Round "6"]
[White "Betkowski, Andrzej"]
[Black "Witwicki, Pawel"]
[Result "0-1"]
[WhiteElo "2142"]
[BlackElo "1915"]
[PlyCount "130"]
[EventDate "2012.08.18"]
[EventType "swiss"]
[EventRounds "9"]
[EventCountry "POL"]
[SourceTitle "EXT 2014"]
[Source "ChessBase"]
[SourceDate "2013.11.20"]
[SourceVersion "1"]
[SourceVersionDate "2013.11.20"]
[SourceQuality "1"]

1. d4 d6 2. e4 Nf6 3. Nc3 e5 4. Nf3 Nbd7 5. Bc4 Be7 6. 0-0 0-0 7. Qe2 c6 8. a4 a5 9. Rd1 Qc7 10. Bb3 h6 11. dxe5 dxe5 12. Nh4 Nc5 13. Bc4 Bg4 14. f3 Be6 15. Nf5 Rfe8 16. Be3 Bf8 17. Bxe6 Nxe6 18. Qf2 Nd7 19. Rd2 Rad8 20. Rad1 Ndc5 21. Qg3 Kh7 22. Rxd8 Rxd8 23. Rxd8 Nxd8 24. Nxg7 Bxg7 25. Bxc5 Ne6 26. Be3 Qe7 27. Qe1 Qb4 28. b3 Nd4 29. Bd2 Nxc2 30. Qb1 Nd4 31. Qb2 Qxb3 32. Qxb3 Nxb3 33. Be3 Bf8 34. Kf2 Bc5 35. Ke2 Bxe3 36. Kxe3 Nc5 37. g3 Kg6 38. h3 Kf6 39. Kd2 Ke6 40. Ke3 Kd6 41. f4 f6 42. g4 Ne6 43. f5 Ng5 44. h4 Nf7 45. Kd3 Kc5 46. Kc2 Kc4 47. Kd2 b5 48. axb5 cxb5 49. Nd5 a4 50. Kc2 b4 51. Nxf6 a3 52. Nd5 b3+ 53. Kb1 Kd3 54. Nb6 Kxe4 55. Nc4 a2+ 56. Kb2 Kd3 57. Na5 a1Q+ 58. Kxa1 Kc2 59. Nc4 e4 60. f6 Kc1 61. Nb2 Ne5 62. g5 hxg5 63. hxg5 Ng6 64. f7 Nf8 65. Nc4 e3 0-1

[Event "POL-chT3 Wielkopolska 1112"]
[Site "Poland"]
[Date "2012.??.??"]
[Round "9.3"]
[White "Przybylak, Lukasz"]
[Black "Witwicki, Pawel"]
[Result "1-0"]
[WhiteElo "1871"]
[BlackElo "1926"]
[PlyCount "69"]
[EventDate "2011.11.27"]
[EventType "team-tourn"]
[EventRounds "11"]
[EventCountry "POL"]
[SourceTitle "EXT 2014"]
[Source "ChessBase"]
[SourceDate "2013.11.20"]
[SourceVersion "1"]
[SourceVersionDate "2013.11.20"]
[SourceQuality "1"]
[WhiteTeam "Poznan Komandoria"]
[BlackTeam "Jarocin JKSW"]
[WhiteTeamCountry "POL"]
[BlackTeamCountry "POL"]

1. e4 c5 2. Nc3 Nc6 3. d3 g6 4. Be3 d6 5. g3 Bg7 6. Bg2 Rb8 7. Qd2 b5 8. Nge2 b4 9. Nd1 a5 10. f4 Qb6 11. 0-0 Nf6 12. h3 Nd7 13. g4 Ba6 14. Kh1 Qb5 15. a4 Qb6 16. f5 Nd4 17. Nf4 b3 18. Nd5 Qd8 19. Bh6 Be5 20. c3 Nc2 21. Qf2 f6 22. Bg7 Rg8 23. fxg6 Rxg7 24. gxh7 Kf7 25. Qf5 Rg5 26. h8Q Qxh8 27. Qxd7 Rb7 28. Qc6 Rxg4 29. Nf2 Rg3 30. Qxa6 Rxg2 31. Kxg2 Qh4 32. Rg1 Rd7 33. Qc8 Ra7 34. Kf1 Qh7 35. Rc1 1-0

[Event "POL-chT3 Wielkopolska 1112"]
[Site "Poland"]
[Date "2012.??.??"]
[Round "5.21"]
[White "Witwicki, Pawel"]
[Black "Bruder, Adam"]
[Result "1-0"]
[WhiteElo "1926"]
[BlackElo "1572"]
[PlyCount "75"]
[EventDate "2011.11.27"]
[EventType "team-tourn"]
[EventRounds "11"]
[EventCountry "POL"]
[SourceTitle "EXT 2014"]
[Source "ChessBase"]
[SourceDate "2013.11.20"]
[SourceVersion "1"]
[SourceVersionDate "2013.11.20"]
[SourceQuality "1"]
[WhiteTeam "Jarocin JKSW"]
[BlackTeam "Rawicz Korona Rawbud"]
[WhiteTeamCountry "POL"]
[BlackTeamCountry "POL"]

1. d4 Nf6 2. Nf3 e6 3. c4 b6 4. g3 Bb7 5. Bg2 Be7 6. Nc3 0-0 7. Qc2 Nc6 8. e4 Bb4 9. Bd2 Bxc3 10. Bxc3 d5 11. e5 Ne4 12. cxd5 exd5 13. Nh4 Nxc3 14. bxc3 Ne7 15. 0-0 Ba6 16. Rfe1 Bc4 17. f4 Ng6 18. Nf5 Ba6 19. Ne3 c6 20. f5 Ne7 21. f6 Ng6 22. Ng4 Bc8 23. fxg7 Bxg4 24. gxf8Q+ Qxf8 25. Rf1 Re8 26. Rf6 Re6 27. Raf1 Rxf6 28. Rxf6 Be6 29. h4 Qh6 30. Rf1 Qe3+ 31. Kh2 c5 32. Rf3 Qe1 33. Qf2 Qb1 34. Qd2 Qb5 35. h5 Nf8 36. Qg5+ Kh8 37. Qf6+ Kg8 38. h6 1-0

[Event "POL-chT3 2010/11"]
[Site "Wielkopolska"]
[Date "2011.01.23"]
[Round "4"]
[White "Witwicki, Pawel"]
[Black "Smagalski, Slawomir"]
[Result "0-1"]
[WhiteElo "1992"]
[BlackElo "1999"]
[PlyCount "80"]
[EventDate "2010.11.28"]
[EventType "team-tourn"]
[EventRounds "11"]
[EventCountry "POL"]
[SourceTitle "EXT 2019"]
[Source "ChessBase"]
[SourceDate "2018.10.10"]
[SourceVersion "1"]
[SourceVersionDate "2018.10.10"]
[SourceQuality "1"]
[WhiteTeam "Jarocin JKSW"]
[BlackTeam "Konin Hetman"]
[WhiteTeamCountry "POL"]
[BlackTeamCountry "POL"]

1. d4 Nf6 2. Nf3 b6 3. g3 Bb7 4. Bg2 e6 5. c4 Be7 6. Nc3 0-0 7. Qc2 d5 8. Ne5 Nbd7 9. f4 c5 10. e3 Rc8 11. Qa4 a6 12. 0-0 Rc7 13. cxd5 exd5 14. Bd2 b5 15. Qd1 Nb6 16. Rc1 Nc4 17. Rc2 cxd4 18. exd4 Bb4 19. Bc1 Bc8 20. Qf3 Bf5 21. Rcf2 Bxc3 22. bxc3 Be4 23. Qd1 Bxg2 24. Rxg2 Ne4 25. f5 Nxc3 26. Qg4 f6 27. Ng6 Re8 28. Qh5 Ne3 29. Bxe3 Rxe3 30. Rgf2 Qe8 31. Rf3 Ne2+ 32. Kg2 Nxd4 33. Rf4 Re4 34. Rxe4 dxe4 35. Rf4 Nxf5 36. Qxf5 hxg6 37. Qd5+ Kf8 38. Rxe4 Qc6 39. Qd8+ Kf7 40. Qe8+ Qxe8 0-1

[Event "POL-chT3 2010/11"]
[Site "Wielkopolska"]
[Date "2011.01.17"]
[Round "3"]
[White "Witwicki, Pawel"]
[Black "Purzycki, Jan Dawid"]
[Result "0-1"]
[WhiteElo "1992"]
[BlackElo "2039"]
[PlyCount "112"]
[EventDate "2010.11.28"]
[EventType "team-tourn"]
[EventRounds "11"]
[EventCountry "POL"]
[SourceTitle "EXT 2019"]
[Source "ChessBase"]
[SourceDate "2018.10.10"]
[SourceVersion "1"]
[SourceVersionDate "2018.10.10"]
[SourceQuality "1"]
[WhiteTeam "Jarocin JKSW"]
[BlackTeam "Poznan Lech"]
[WhiteTeamCountry "POL"]
[BlackTeamCountry "POL"]

1. e4 d6 2. d4 Nf6 3. Nc3 g6 4. Be3 Bg7 5. f3 Nbd7 6. Qd2 c6 7. Bh6 0-0 8. h4 b5 9. h5 b4 10. Nd1 Qa5 11. hxg6 fxg6 12. Bxg7 Kxg7 13. Qh6+ Kg8 14. Bc4+ d5 15. Bb3 e5 16. exd5 cxd5 17. Ne3 Rf7 18. dxe5 Nxe5 19. 0-0-0 Be6 20. Qg5 d4 21. Nd5 Bxd5 22. Qxe5 Re8 23. Qg5 Qc5 24. Nh3 Rc8 25. Nf4 Bxb3 26. Qxc5 Rxc5 27. axb3 Nd5 28. Ne6 Ra5 29. Kb1 Rf6 30. Nxd4 Ne3 31. Rde1 Rfa6 32. Kc1 Nxg2 33. Reg1 Rd5 34. c3 Nf4 35. Kc2 bxc3 36. bxc3 Ra2+ 37. Kb1 Rda5 38. b4 R5a4 39. Rd1 Nd5 40. Nb5 a6 41. Rxd5 Ra1+ 42. Kb2 Rxh1 43. Nd4 Raa1 44. Rd7 Rae1 45. Ra7 h5 46. Rxa6 h4 47. Rxg6+ Kh7 48. Rg4 Reg1 49. Re4 h3 50. Rh4+ Kg6 51. b5 h2 52. Kb3 Rg5 53. Kc4 Rh5 54. Rxh5 Kxh5 55. b6 Rb1 56. Nb5 h1Q 0-1

[Event "Polanica Zdroj op-A 47th"]
[Site "Polanica Zdroj"]
[Date "2011.??.??"]
[Round "8"]
[White "Rykala, Monika"]
[Black "Witwicki, Pawel"]
[Result "1/2-1/2"]
[WhiteElo "1820"]
[BlackElo "1951"]
[PlyCount "62"]
[EventDate "2011.08.19"]
[EventType "swiss"]
[EventRounds "9"]
[EventCountry "POL"]
[SourceTitle "CBM 144 Extra"]
[Source "ChessBase"]
[SourceDate "2011.10.28"]
[SourceVersion "1"]
[SourceVersionDate "2011.10.28"]
[SourceQuality "1"]

1. d4 g6 2. c4 Bg7 3. Nc3 c5 4. d5 Bxc3+ 5. bxc3 f5 6. e4 fxe4 7. f3 Nf6 8. fxe4 d6 9. Bd3 Nbd7 10. Nf3 0-0 11. Bh6 Re8 12. 0-0 Ng4 13. Bf4 Rf8 14. Qd2 Nde5 15. Nxe5 dxe5 16. Bg3 Qd6 17. Rxf8+ Kxf8 18. Rf1+ Kg7 19. h3 Nf6 20. Qg5 Nd7 21. Bf2 h6 22. Qg3 b6 23. Be3 Nf6 24. Qh4 Ng8 25. Qf2 Nf6 26. Qh4 Ng8 27. g4 Bd7 28. Qf2 Nf6 29. Qh4 Ng8 30. Qf2 Nf6 31. Qh4 Ng8 1/2-1/2

[Event "Polanica Zdroj op-A 47th"]
[Site "Polanica Zdroj"]
[Date "2011.??.??"]
[Round "3"]
[White "Witwicki, Pawel"]
[Black "Mucha, Magdalena"]
[Result "0-1"]
[WhiteElo "1951"]
[BlackElo "1856"]
[PlyCount "130"]
[EventDate "2011.08.19"]
[EventType "swiss"]
[EventRounds "9"]
[EventCountry "POL"]
[SourceTitle "CBM 144 Extra"]
[Source "ChessBase"]
[SourceDate "2011.10.28"]
[SourceVersion "1"]
[SourceVersionDate "2011.10.28"]
[SourceQuality "1"]

1. d4 f5 2. e4 fxe4 3. Nc3 Nf6 4. Bg5 Nc6 5. d5 Ne5 6. Qe2 Nf7 7. h4 e5 8. 0-0-0 Nd6 9. f3 Be7 10. fxe4 0-0 11. Nf3 Nf7 12. d6 Bxd6 13. Qc4 Kh8 14. Nd5 c6 15. Ne3 Be7 16. h5 d6 17. h6 g6 18. Kb1 Ng4 19. Nxg4 Bxg4 20. Bd2 d5 21. exd5 Bxf3 22. gxf3 cxd5 23. Qb3 b6 24. Bc3 d4 25. f4 Qc7 26. Rxd4 exd4 27. Bxd4+ Kg8 28. Bc4 Rac8 29. Be6 Bc5 30. Bg7 Rfe8 31. Bxc8 Qxc8 32. a3 Bf8 33. Bxf8 Kxf8 34. Qa4 Qc5 35. Qxa7 Rc8 36. Re1 Qxc2+ 37. Ka1 Qc5 38. Qd7 Rd8 39. Qe6 Qd6 40. Qh3 Qd5 41. Qc3 Qd4 42. Qg3 Qf6 43. Qh2 b5 44. Qe2 b4 45. Qe3 Nxh6 46. Qc5+ Qd6 47. axb4 Ra8+ 48. Kb1 Rd8 49. Re6 Qxc5 50. bxc5 Rb8 51. Rb6 Rc8 52. b4 Nf5 53. Kb2 Ne7 54. Kb3 Nd5 55. Rb7 h5 56. Kc4 Nxf4 57. b5 Ne6 58. c6 Nd8 59. Kd5 Nxb7 60. cxb7 Re8 61. Kc6 h4 62. Kc7 h3 63. b8Q Rxb8 64. Kxb8 h2 65. b6 h1Q 0-1

[Event "POL-chT4B 0910"]
[Site "Wielkoposka"]
[Date "2010.05.16"]
[Round "9"]
[White "Witwicki, Pawel"]
[Black "Jedrzejewski, Kamil"]
[Result "0-1"]
[WhiteElo "1962"]
[BlackElo "2034"]
[PlyCount "52"]
[EventDate "2010.01.10"]
[EventType "team-tourn"]
[EventRounds "9"]
[EventCountry "POL"]
[SourceTitle "EXT 2019"]
[Source "ChessBase"]
[SourceDate "2018.10.10"]
[SourceVersion "1"]
[SourceVersionDate "2018.10.10"]
[SourceQuality "1"]
[WhiteTeam "Jarocin JKSW"]
[BlackTeam "Gniezno LKS Chrobry II"]
[WhiteTeamCountry "POL"]
[BlackTeamCountry "POL"]

1. d4 d5 2. Nf3 Nf6 3. c4 e6 4. Nc3 Be7 5. Bg5 h6 6. Bh4 0-0 7. e3 b6 8. Bxf6 Bxf6 9. cxd5 exd5 10. Qb3 Be6 11. Be2 c5 12. 0-0 Nc6 13. Rfd1 cxd4 14. Nxd4 Nxd4 15. exd4 Rc8 16. Ba6 Rc7 17. Nb5 Re7 18. Rac1 Rfe8 19. Qa3 Bg5 20. Ra1 Bg4 21. f3 Bf4 22. Nc3 Re3 23. fxg4 Qh4 24. h3 Rxh3 25. gxh3 Qg3+ 26. Kf1 Qxh3+ 0-1

[Event "POL-chT4B 0910"]
[Site "Wielkoposka"]
[Date "2010.02.07"]
[Round "3"]
[White "Oleksy, Krzysztof"]
[Black "Witwicki, Pawel"]
[Result "0-1"]
[WhiteElo "1949"]
[BlackElo "1962"]
[PlyCount "54"]
[EventDate "2010.01.10"]
[EventType "team-tourn"]
[EventRounds "9"]
[EventCountry "POL"]
[SourceTitle "EXT 2019"]
[Source "ChessBase"]
[SourceDate "2018.10.10"]
[SourceVersion "1"]
[SourceVersionDate "2018.10.10"]
[SourceQuality "1"]
[WhiteTeam "Turek Tecza"]
[BlackTeam "Jarocin JKSW"]
[WhiteTeamCountry "POL"]
[BlackTeamCountry "POL"]

1. e4 d5 2. exd5 Nf6 3. Nc3 Nxd5 4. Nxd5 Qxd5 5. c4 Qa5 6. b3 Qe5+ 7. Be2 Qxa1 8. Qc2 Nc6 9. Qb2 Qxb2 10. Bxb2 e5 11. Nf3 f6 12. 0-0 Bc5 13. Re1 0-0 14. Rd1 Nd4 15. Bxd4 Bxd4 16. Bd3 Bg4 17. Be4 c6 18. h3 Bh5 19. g4 Bg6 20. Bxg6 hxg6 21. Kg2 Rad8 22. Rh1 g5 23. Kf1 Bc5 24. Ke2 e4 25. Nh2 Bb4 26. Nf1 Kf7 27. h4 gxh4 0-1

[Event "Obra Lato op"]
[Site "Obra"]
[Date "2007.08.29"]
[Round "1.2"]
[White "Witwicki, Pawel"]
[Black "Kocwin, Bartosz"]
[Result "0-1"]
[WhiteElo "1921"]
[BlackElo "2204"]
[PlyCount "80"]
[EventDate "2007.08.29"]
[EventType "swiss"]
[EventRounds "9"]
[EventCountry "POL"]
[SourceTitle "EXT 2023"]
[Source "ChessBase"]
[SourceDate "2022.10.05"]
[SourceVersion "1"]
[SourceVersionDate "2022.10.05"]
[SourceQuality "1"]

1. d4 Nf6 2. Nf3 g6 3. c4 Bg7 4. Nc3 0-0 5. g3 d5 6. Bg2 dxc4 7. Ne5 c6 8. 0-0 Be6 9. a4 Nbd7 10. a5 Nxe5 11. dxe5 Nd5 12. f4 b5 13. Ne4 Qc8 14. Ng5 Rd8 15. Qe1 Bg4 16. h3 f6 17. hxg4 fxg5 18. e4 Nc7 19. f5 Bxe5 20. Bxg5 Rd3 21. Bxe7 Qd7 22. f6 Kf7 23. Qc1 Qd4+ 24. Kh1 Qe3 25. Qxe3 Rxe3 26. Rad1 Rd3 27. Rxd3 cxd3 28. b4 d2 29. Rd1 Bc3 30. g5 Re8 31. Bd6 Na6 32. e5 Nxb4 33. Bf3 Nd5 34. Bxd5+ cxd5 35. a6 Ba5 36. Kg2 Rc8 37. Kf2 Rc1 38. Ke2 d4 39. Rxd2 Bxd2 40. Kxd2 Rc6 0-1